logo

Bir Sreshtho Munshi Abdur Rouf Library
Jhenaidah Cadet College

The 'Reader's digest' great encyclopaedic dictionary / (Record no. 9696)

MARC details
000 -LEADER
fixed length control field 01218nam a22002772 4500
001 - CONTROL NUMBER
JCCL Control Number 9696
003 - CONTROL NUMBER IDENTIFIER
JCCL marc code BD - JhCC
005 - DATE AND TIME OF LATEST TRANSACTION
control field 20180729100325.0
008 - FIXED-LENGTH DATA ELEMENTS--GENERAL INFORMATION
fixed length control field 180322r19781976enka d 000 0 eng d
035 ## - SYSTEM CONTROL NUMBER
system control number OCLC ocm16429683 from D960830M
-- (BD - JhCC)9696
040 ## - CATALOGING SOURCE
Original cataloging agency UKM
Transcribing agency UKM
Modifying agency EQO
-- BD - JhCC
041 ## - LANGUAGE CODE
Language code of Book eng
050 1# - LIBRARY OF CONGRESS CALL NUMBER
Classification number PE1625
082 0# - DEWEY DECIMAL CLASSIFICATION NUMBER
Classification number 423
DDC Edition number 18
Author mark and Year REA 1976
245 04 - TITLE STATEMENT
Title The 'Reader's digest' great encyclopaedic dictionary /
Statement of responsibility, etc Reader's Digest Association.
250 ## - EDITION STATEMENT
Edition statement 3rd ed.
260 ## - PUBLICATION, DISTRIBUTION, ETC. (IMPRINT)
Place of publication, distribution, etc London :
Name of publisher, distributor, etc Reader's Digest Association,
Date of publication, distribution, etc 1978.
300 ## - PHYSICAL DESCRIPTION
Pagination 3 v. (1736 p.) :
Other physical details ill. ;
Dimensions 24 cm.
500 ## - GENERAL NOTE
General note Ill. (some col.), col. facsim. on lining papers. - Accompanied by 'The "Reader's digest" pocket dictionary' (vii,687p.; 13cm).
500 ## - GENERAL NOTE
General note This ed. of the '"Reader's digest" great encyclopaedic dictionary' originally published: 1976. Originally published as 'The little Oxford dictionary of current English' / compiled by George Ostler. 4th ed. / edited by Jessie Coulson.
650 #0 - SUBJECT ADDED ENTRY--TOPICAL TERM
Topical term or geographic name as entry element English language
Form subdivision Dictionaries.
700 12 - ADDED ENTRY--PERSONAL NAME
Personal name Ostler, George,
Dates associated with a name -1929.
Title of a work Little Oxford dictionary of current English.
Date of a work 1978.
710 2# - ADDED ENTRY--CORPORATE NAME
Corporate name or jurisdiction name as entry element Reader's Digest Association.
942 ## - ADDED ENTRY ELEMENTS (KOHA)
Source of classification or shelving scheme Dewey Decimal Classification
Koha item type Reference
Holdings
Source of classification or shelving scheme volume number Damaged status Not for loan Home library Current library Shelving location Total Checkouts Full call number Barcode Date last seen Copy number Koha item type
Dewey Decimal Classification V - 3     JCC Rouf Library JCC Rouf Library General Stacks   423 REA 1976 12940 03/22/2018 C - 1 Reference
Dewey Decimal Classification V - 2     JCC Rouf Library JCC Rouf Library General Stacks   423 REA 1976 12939 03/22/2018 C - 2 Reference
Dewey Decimal Classification V - 1     JCC Rouf Library JCC Rouf Library General Stacks   423 REA 1976 12938 03/22/2018 C - 1 Reference

JCC Library | Contacts | JCC Home

Last Update on 23 September 2017
Copyright @ 2017-2020 JCC Rouf Library
Rouf Library, Jhenidah Cadet College (JCC), Bangladesh